| 000 | 00621nam a2200229Ia 4500 | ||
|---|---|---|---|
| 008 | 180523s9999 xx 000 0 und d | ||
| 020 | _a978-981-06-9803-4 | ||
| 050 | _aMAIN HF 5429 | ||
| 050 | _b.B47 2007 | ||
| 100 | _aBerman, Barry. | ||
| 245 | 0 | _aFundamentals of retail management : | |
| 245 | 2 | _ba strategic approach / | |
| 245 | 0 | _cBarry Berman, Joel R. Evans. | |
| 260 | _aSingapore : | ||
| 260 | _bPearson Education South Asia, | ||
| 260 | _c2007 | ||
| 300 | _a682 pages : | ||
| 300 | _billustrations ; | ||
| 300 | _c25 cm. | ||
| 500 | _aIncludes index. | ||
| 650 | _aRetail trade -- Management. | ||
| 999 |
_c357094 _d357094 |
||